000 00411nam a22001457a 4500
005 20241014073216.0
008 241014b |||||||| |||| 00| 0 eng d
041 _aEnglish
082 _a349 BUT
100 _lEnglish
245 _aForms and Precedents : Protection of Personal Information
260 _aDurban:
_bLexisNexis
650 _aLegal practice
_bLaw
942 _cBK
_6ALISON_BN_VRIES
999 _c3215
_d3215